000 00550nam a2200181 i 4500
001 145604
003 ES-MaACL
005 20230906201251.0
007 t|
008 071015q19401949sp ||||1| spa d
245 0 0 _aViajes por Asia.
_n, . II,
_pSiberia, China, El Himalaya, Indochina, Birmania, El Afganistán.
260 _aMadrid :
_bSaso,
_c[194-?]
300 _a95 p. ;
_c19 cm.
490 1 _aCuadernos meridiano ;
_v5
830 0 _aCuadernos meridiano ;
_v5
_9186738
852 _aES-MaACL
_j1882-F-12
_bR.25925
999 _c145604
_d145604